[Event "3rd India-China Summit 2018"]
[Site "Bhubaneswar"]
[Date "2018.10.22"]
[Round "7"]
[White "Narayanan, Srinath"]
[Black "Bai, Jinshi"]
[Result "1/2-1/2"]
[WhiteElo "2565"]
[BlackElo "2566"]
[Annotator "TA"]
[PlyCount "63"]
[EventDate "2018.10.17"]
[EventType "schev"]
[EventCountry "IND"]
[SourceTitle "playchess.com"]
[Source "ChessBase"]
[SourceQuality "1"]
[WhiteTeam "India"]
[BlackTeam "China"]
[WhiteTeamCountry "IND"]
[BlackTeamCountry "CHN"]

{[%evp 19,63,18,23,0,0,0,0,-16,20,0,0,0,0,0,0,-18,-18,-21,0,0,0,0,23,-16,-8,-29,-28,-28,-28,-24,-27,-34,-33,-35,-35,-43,-22,-30,-9,-13,-9,-10,-4,-11,-11,-11]} 1. e4 e5 2. Nf3 Nf6 3. Nxe5 d6 4. Nf3 Nxe4 5. Nc3 Nxc3 6. dxc3 Be7 7. Be3 Nc6 {C42: Petroff Defence: 3 Nxe5 and unusual White 3rd moves} 8. Bd3 Bf6 9. Qe2 O-O 10. O-O-O Re8 {LiveBook: 3 Games} 11. h4 h6 $146 ({Predecessor:} 11... Rb8 12. Kb1 b5 13. Ng5 h6 14. Qh5 Ne5 {1-0 (28) Amin,B (2689)-Yu,Y (2751) Riadh 2017}) 12. Qd2 Bg4 13. Rdg1 Qd7 14. Nh2 Ne5 15. Nxg4 Nxg4 16. Bd4 d5 17. Kb1 Qd6 18. Bf5 Ne5 19. Bxe5 Bxe5 20. g3 Qc5 21. Rd1 c6 22. Bd3 b5 23. Rhe1 a5 24. Qe3 Qxe3 25. Rxe3 {[#] Hoping for Rde1.} Bd6 26. Rde1 Rxe3 27. Rxe3 $15 {KRB-KRB} Kf8 28. Kc1 g5 29. h5 {The position is equal.} Bc5 30. Re2 Re8 31. Rxe8+ Kxe8 32. f3 {Precision: White = 46%, Black = 57%.} 1/2-1/2

[Event "3rd India-China Summit 2018"]
[Site "Bhubaneswar"]
[Date "2018.10.22"]
[Round "7"]
[White "Aryan Chopra"]
[Black "Lu, Shanglei"]
[Result "1/2-1/2"]
[WhiteElo "2541"]
[BlackElo "2635"]
[Annotator "TA"]
[PlyCount "97"]
[EventDate "2018.10.17"]
[EventType "schev"]
[EventCountry "IND"]
[SourceTitle "playchess.com"]
[Source "ChessBase"]
[SourceQuality "1"]
[WhiteTeam "India"]
[BlackTeam "China"]
[WhiteTeamCountry "IND"]
[BlackTeamCountry "CHN"]

{[%evp 30,97,26,30,91,71,122,119,128,126,134,128,161,141,172,101,100,97,129,98,103,99,97,82,106,79,77,76,81,72,72,72,72,72,73,60,97,97,97,89,86,94,97,82,91,47,61,20,14,0,61,61,61,61,49,50,41,41,93,30,30,30,35,11,28,0,32,0,39,0]} 1. e4 c5 2. Nf3 d6 3. d4 cxd4 4. Nxd4 Nf6 5. Nc3 a6 6. Be3 Ng4 7. Bg5 h6 8. Bh4 g5 9. Bg3 Bg7 10. h3 Ne5 11. Nf5 Bxf5 {B90: Sicilian Najdorf: Unusual White 6th moves, 6 Be3 Ng4 and 6 Be3 e5} 12. exf5 Nbc6 13. Nd5 {[%cal Bc3d5,Bd5e3,Be3g4][%mdl 32]} e6 14. fxe6 fxe6 15. Ne3 O-O 16. Be2 {[#] LiveBook: 73 Games} Ng6 $146 (16... d5 $11 {keeps the balance.}) ({Predecessor:} 16... d5 17. O-O Ng6 18. c4 Nd4 19. cxd5 exd5 {1-0 (46) Bologan,V (2692)-Adly,A (2583) Khanty-Mansiysk 2009}) 17. Bxd6 $16 Rf7 (17... Bxb2 $142 18. Bxf8 Qa5+ 19. Kf1 Rxf8) 18. c3 Nf4 {[#]} 19. Bxf4 $1 gxf4 20. Ng4 Qb6 21. Qc2 Rc8 22. Qb3 (22. Bc4 $18 {Black must now prevent Qg6.} Ne7 23. Qe2) 22... Qxb3 23. axb3 Rd7 24. Rd1 Rcd8 25. Rxd7 Rxd7 26. h4 a5 27. Bc4 Kf7 28. Ke2 Ne5 29. Nxe5+ Bxe5 {[%mdl 4096] Endgame KRB-KRB} 30. Ra1 b6 31. Ra4 Bd6 32. Bb5 Rd8 33. Rc4 Kf6 34. Rc6 {Strongly threatening Bc4.} Bc5 35. Bc4 Rd6 36. Rc7 Rd8 37. Bd3 Rg8 38. Kf3 Rd8 39. Ke2 Rg8 40. Be4 $1 Rg4 41. h5 Rh4 42. Bg6 Rh1 43. Rd7 Kg5 {[#]} ({Black should play} 43... Ra1 $14) 44. Kf3 ({Better is} 44. Rf7 $1 $16) 44... Rf1 $11 45. Rd2 e5 46. Bd3 Rh1 47. Bg6 Rf1 48. Bd3 Rh1 49. Bg6 {Precision: White = 44%, Black = 60%.} 1/2-1/2

[Event "3rd India-China Summit 2018"]
[Site "Bhubaneswar"]
[Date "2018.10.22"]
[Round "7"]
[White "Xu, Yinglun"]
[Black "Aravindh, Chithambaram VR."]
[Result "1/2-1/2"]
[WhiteElo "2533"]
[BlackElo "2579"]
[Annotator "TA"]
[PlyCount "80"]
[EventDate "2018.10.17"]
[EventType "schev"]
[EventCountry "IND"]
[SourceTitle "playchess.com"]
[Source "ChessBase"]
[SourceQuality "1"]
[WhiteTeam "China"]
[BlackTeam "India"]
[WhiteTeamCountry "CHN"]
[BlackTeamCountry "IND"]

{[%evp 18,80,39,24,31,31,35,33,35,37,40,31,29,42,43,39,40,37,34,22,22,22,26,27,59,9,9,14,14,9,16,8,26,25,34,31,34,37,33,33,37,26,40,43,34,15,16,8,13,0,0,0,0,0,0,0,0,0,0,0,0,0,0,0,8]} 1. d4 Nf6 2. c4 e6 3. Nf3 d5 4. Nc3 a6 5. cxd5 exd5 6. Bg5 {D37: Queen's Gambit Declined: 5 Bf4} Be6 7. e3 Nbd7 8. Bd3 Bd6 (8... h6 9. Bf4 g5 10. Bg3 Nh5 11. Be5 Nhf6 12. Bg3 Nh5 13. Qb3 Nxg3 14. hxg3 {½-½ (48) Karjakin,S (2773)-Caruana,F (2822) Saint Louis 2018}) 9. O-O O-O 10. Qc2 {LiveBook: 16 Games} h6 11. Bf4 Qe7 12. h3 Rfc8 13. Rfd1 $146 ({Predecessor:} 13. Rac1 c5 14. Bxd6 Qxd6 15. dxc5 Rxc5 {1-0 (50) Le,T (2485)-Lee,J (2305) Vientiane 2018}) 13... c5 14. Bxd6 Qxd6 15. dxc5 Rxc5 16. Qa4 Ne5 17. Nxe5 Qxe5 18. Ne2 Qxb2 19. Rab1 Bd7 20. Qxa6 ({Much worse is} 20. Rxb2 Bxa4 21. Rc1 Rxc1+ 22. Nxc1 Rc8 $15) ({Don't blunder} 20. Qxd7 $2 Qxb1 21. Qxf7+ Kxf7 $19) 20... Qxa2 21. Qxa2 (21. Qxb7 {looks sharper.} Rcc8 22. Nf4 Qa5 23. Qb2 Qa3 24. Be2) 21... Rxa2 22. Rxb7 g6 23. Nd4 Ra3 24. Be2 Rac3 25. g4 Rc7 26. Rb6 Kg7 27. Kg2 Ra3 28. Rdb1 Ne4 29. Rb7 (29. R1b2 {seems wilder.} Raa7 30. Rb8 Rc1 31. Bf3 Rc8 32. R8b6) 29... Ra7 30. Rxc7 Rxc7 31. Rb2 Ng5 {The position is equal.} 32. Rd2 h5 33. Rc2 (33. Rb2 {keeps more tension.} hxg4 34. Bxg4 Kf6 35. Ne2 Ne4 36. Bf3) 33... Rxc2 34. Nxc2 hxg4 35. hxg4 $11 {[%mdl 4096] Endgame KBN-KBN} Ne4 36. f3 Nc3 37. Kf2 Bb5 38. Bxb5 Nxb5 39. Ke2 Kf6 40. Kd3 g5 {Precision: White = 60%, Black = 72%.} 1/2-1/2

[Event "3rd India-China Summit 2018"]
[Site "Bhubaneswar"]
[Date "2018.10.23"]
[Round "8"]
[White "Lu, Shanglei"]
[Black "Aryan Chopra"]
[Result "1-0"]
[WhiteElo "2635"]
[BlackElo "2541"]
[Annotator "TA"]
[PlyCount "83"]
[EventDate "2018.10.17"]
[EventType "schev"]
[EventCountry "IND"]
[SourceTitle "playchess.com"]
[Source "ChessBase"]
[SourceQuality "1"]
[WhiteTeam "China"]
[BlackTeam "India"]
[WhiteTeamCountry "CHN"]
[BlackTeamCountry "IND"]

{[%evp 17,83,31,50,31,23,23,31,33,25,0,0,0,-6,-3,40,25,29,26,41,33,37,41,75,73,81,81,87,72,62,62,70,41,58,47,127,125,132,143,133,150,201,238,319,312,333,308,512,503,500,529,679,632,1245,1251,1200,1127,1256,1220,1195,1139,2136,1767,29981,29982,29983,29984,29984,29985]} 1. e4 e5 2. Nf3 Nc6 3. Bb5 g6 4. c3 a6 5. Ba4 d6 6. d4 Bd7 7. O-O Bg7 8. Be3 Nf6 9. Nbd2 O-O 10. Re1 {C76: Ruy Lopez: Deferred Steinitz: 5 c3 Bd7 6 d4 g6} Re8 11. Bc2 exd4 12. cxd4 {White is slightly better.} Bg4 13. h3 Bxf3 14. Qxf3 Nd7 $1 15. Nb3 {[%cal Bd2b3,Bb3c1,Bc1e2,Be2f4,Bf4e6][%mdl 32]} a5 16. Rad1 $1 Nb6 17. Qe2 a4 18. Nc1 Ne7 19. Bd3 f5 {[#]} 20. exf5 $1 Nxf5 21. Bxf5 gxf5 22. Qf3 Qd7 23. Ne2 Qf7 24. Nf4 Re4 25. d5 Rae8 {[#]} (25... Nc4 $14) 26. Ne6 $1 $16 R8xe6 27. dxe6 Qxe6 28. b3 {[%cal Bb2b3,Bb3a4,Ba4a5][%mdl 32]} d5 (28... axb3 $16 29. axb3 Nd7) 29. Bd2 $18 Nd7 30. bxa4 c5 31. Qb3 b6 $2 (31... Qc6 {was necessary.} 32. Qg3 Ne5 33. Rxe4 fxe4) 32. Rxe4 fxe4 33. Be3 c4 34. Qb5 Nc5 35. a5 d4 36. Bxd4 Bxd4 37. Rxd4 {KQR-KQN} e3 38. Rg4+ Kf8 39. axb6 e2 40. Qxc5+ {White mates.} Ke8 41. Qb5+ Kf7 42. Rf4+ {Precision: White = 90%, Black = 41%.} 1-0

[Event "3rd India-China Summit 2018"]
[Site "Bhubaneswar"]
[Date "2018.10.23"]
[Round "8"]
[White "Karthikeyan, Murali"]
[Black "Xu, Xiangyu"]
[Result "1/2-1/2"]
[WhiteElo "2604"]
[BlackElo "2577"]
[Annotator "TA"]
[PlyCount "77"]
[EventDate "2018.10.17"]
[EventType "schev"]
[EventCountry "IND"]
[SourceTitle "playchess.com"]
[Source "ChessBase"]
[SourceQuality "1"]
[WhiteTeam "India"]
[BlackTeam "China"]
[WhiteTeamCountry "IND"]
[BlackTeamCountry "CHN"]

{[%evp 11,77,12,18,19,35,18,28,28,26,28,33,28,28,28,31,27,22,33,31,19,25,26,23,4,12,13,11,7,14,7,14,7,27,29,34,25,47,41,45,45,45,45,45,41,38,36,36,36,44,42,45,45,50,47,52,48,52,46,57,23,31,14,21,22,18,0,23,0]} 1. e4 e5 2. Nf3 Nf6 3. Nxe5 d6 4. Nf3 Nxe4 5. Nc3 Nxc3 6. dxc3 Nc6 7. Be3 {C42: Russische Verteidigung (Petrow)} Bf5 8. Bb5 a6 9. Bxc6+ bxc6 10. O-O Be7 11. Nd4 Bd7 12. Qf3 d5 13. Nf5 Bxf5 14. Qxf5 Qd7 15. Qf3 O-O 16. Rad1 Bd6 17. Bf4 Rfe8 18. Bxd6 cxd6 19. Rd4 h6 20. h3 Re7 21. Qd3 Qe6 22. b3 Qe2 23. c4 Rc8 24. cxd5 cxd5 25. Rc1 Qxd3 26. Rxd3 Re2 27. Rxd5 Rcxc2 28. Rxc2 Rxc2 $14 {[%mdl 4096] Endspiel KT-KT} 29. Ra5 Rc6 30. Kf1 Kf8 31. Ke2 Ke7 32. h4 Kd7 33. Kd3 g6 34. g4 Rb6 35. Ra4 Ke6 36. Re4+ Kd7 37. Rf4 Ke6 38. Re4+ Kd7 39. Rf4 {Precision: Weiß = 71%, Schwarz = 57%.} 1/2-1/2

[Event "3rd India-China Summit 2018"]
[Site "Bhubaneswar"]
[Date "2018.10.23"]
[Round "8"]
[White "Aravindh, Chithambaram VR."]
[Black "Xu, Yinglun"]
[Result "1-0"]
[WhiteElo "2579"]
[BlackElo "2533"]
[Annotator "TA"]
[PlyCount "57"]
[EventDate "2018.10.17"]
[EventType "schev"]
[EventCountry "IND"]
[SourceTitle "playchess.com"]
[Source "ChessBase"]
[SourceQuality "1"]
[WhiteTeam "India"]
[BlackTeam "China"]
[WhiteTeamCountry "IND"]
[BlackTeamCountry "CHN"]

{[%evp 11,57,16,21,17,27,29,35,32,56,49,62,52,65,66,65,54,77,61,59,52,98,67,79,70,60,51,66,48,88,100,84,91,89,57,200,211,255,248,528,423,1720,1660,2877,2627,2516,2313,29992,29993]} 1. e4 c5 2. Nf3 d6 3. d4 cxd4 4. Nxd4 Nf6 {[%cal Bg8f6,Bf6d7,Bd7e5,Be5c4][%mdl 32]} 5. Nc3 a6 6. Be3 e6 7. a3 {B80: Sicilian Scheveningen: 6 g3 and 6 Be3, including English Attack} b5 8. g4 {[%cal Bg2g4,Bg4g5][%mdl 32]} Bb7 9. Bg2 {White is slightly better.} Nfd7 10. g5 Ne5 11. f4 Nc4 12. Bc1 $1 Nd7 13. O-O Qc7 14. Kh1 e5 15. Nf5 Ncb6 16. a4 b4 17. Nd5 Nxd5 18. exd5 Rc8 19. Rf2 Qa5 20. Be3 g6 21. Ng3 $36 {[%mdl 2048] White has strong initiative.} h6 22. fxe5 dxe5 (22... Nxe5 $14 23. Ne4 Be7) 23. gxh6 $18 ({Much less strong is} 23. Qf3 Rh7 $16) 23... Rh7 24. Qd3 Be7 $2 (24... Bxh6 25. Bxh6 Rxh6) 25. Raf1 {And now Nh5! would win.} Qc7 {[#]} (25... Nc5 $142 26. Bxc5 Qxc5) 26. Rxf7 $1 {[%mdl 512]} Rxf7 27. Qxg6 Bf6 28. Ne4 Kf8 29. Ng5 {Precision: White = 82%, Black = 17%.} 1-0

[Event "3rd India-China Summit 2018"]
[Site "Bhubaneswar"]
[Date "2018.10.23"]
[Round "8"]
[White "Bai, Jinshi"]
[Black "Narayanan, Srinath"]
[Result "1/2-1/2"]
[WhiteElo "2566"]
[BlackElo "2565"]
[Annotator "TA"]
[PlyCount "63"]
[EventDate "2018.10.17"]
[EventType "schev"]
[EventCountry "IND"]
[SourceTitle "playchess.com"]
[Source "ChessBase"]
[SourceQuality "1"]
[WhiteTeam "China"]
[BlackTeam "India"]
[WhiteTeamCountry "CHN"]
[BlackTeamCountry "IND"]

{[%evp 14,63,13,12,8,6,4,-11,-4,-8,0,-14,-2,-3,20,14,10,5,9,0,13,26,25,39,42,35,38,48,40,30,44,0,16,14,14,14,39,8,6,5,15,0,0,0,0,0,0,0,29,19,22,0]} 1. d4 Nf6 2. c4 e6 3. g3 d5 4. Bg2 Bb4+ 5. Nd2 O-O 6. Ngf3 b6 7. O-O Bb7 8. Ne5 a5 {E16: Queen's Indian: 4 g3 Bb7 5 Bg2 Bb4+} 9. a3 Be7 10. Qc2 c5 11. cxd5 Bxd5 12. e4 Bb7 13. dxc5 {[#] Black must now prevent c6.} Bxc5 14. Nb3 {[%cal Bd2b3,Bb3d4,Bd4c6][%mdl 32]} Be7 15. Be3 a4 16. Nd4 Bc5 17. Rfd1 Qe7 18. f3 Nc6 19. Nexc6 Bxc6 20. Nxc6 Bxe3+ 21. Kh1 Qb7 22. e5 Nd5 {[#] Threatens to win with ...Rac8.} 23. Nb4 Nxb4 24. axb4 {Strongly threatening f4.} Rad8 25. Qxa4 Qc7 26. f4 g6 27. Bc6 Rxd1+ 28. Rxd1 {And now Rd7 would win.} Rd8 29. b5 Qe7 30. Kg2 g5 31. Kf3 gxf4 32. Rxd8+ {Precision: White = 50%, Black = 72%.} 1/2-1/2

[Event "3rd India-China Summit 2018"]
[Site "Bhubaneswar"]
[Date "2018.10.23"]
[Round "8"]
[White "Xu, Yinglun"]
[Black "Aravindh, Chithambaram VR."]
[Result "*"]
[WhiteElo "2533"]
[BlackElo "2579"]
[Annotator "TA"]
[PlyCount "26"]
[EventDate "2018.10.17"]
[EventType "schev"]
[EventCountry "IND"]
[SourceTitle "playchess.com"]
[Source "ChessBase"]
[SourceQuality "1"]
[WhiteTeam "China"]
[BlackTeam "India"]
[WhiteTeamCountry "CHN"]
[BlackTeamCountry "IND"]

{[%evp 11,26,17,39,19,37,45,35,29,44,35,61,58,66,58,61,47,78]} 1. e4 c5 2. Nf3 d6 3. d4 cxd4 4. Nxd4 Nf6 {[%cal Bg8f6,Bf6d7,Bd7e5,Be5c4][%mdl 32]} 5. Nc3 a6 6. Be3 e6 7. a3 {B80: Sicilian Scheveningen: 6 g3 and 6 Be3, including English Attack} b5 8. g4 {[%cal Bg2g4,Bg4g5][%mdl 32]} Bb7 9. Bg2 Nfd7 10. g5 {White is slightly better.} Ne5 11. f4 Nc4 12. Bc1 $1 Nd7 13. O-O Qc7 *